Statistical methods (Record no. 85706)

MARC details
000 -LEADER
fixed length control field 00739 a2200253 4500
003 - CONTROL NUMBER IDENTIFIER
control field CBULib
005 - DATE AND TIME OF LATEST TRANSACTION
control field 20250718090552.0
008 - FIXED-LENGTH DATA ELEMENTS--GENERAL INFORMATION
fixed length control field 241029b |||||||| |||| 00| 0 eng d
020 ## - INTERNATIONAL STANDARD BOOK NUMBER
International Standard Book Number 9780128230435
040 ## - CATALOGING SOURCE
Language of cataloging English
Transcribing agency CBULib
Description conventions rda
050 ## - LIBRARY OF CONGRESS CALL NUMBER
Classification number QA 276.12 Mor
100 ## - MAIN ENTRY--PERSONAL NAME
Personal name Mohr, Donna L.
245 ## - TITLE STATEMENT
Title Statistical methods
Statement of responsibility, etc / by Donna L. Mohr
250 ## - EDITION STATEMENT
Edition statement Fourth edition.
260 ## - PUBLICATION, DISTRIBUTION, ETC. (IMPRINT)
Name of publisher, distributor, etc Elsevier,
Date of publication, distribution, etc 2022
Place of publication, distribution, etc London
300 ## - PHYSICAL DESCRIPTION
Extent xxi, 754 pages : illustrations
336 ## - CONTENT TYPE
Source rdacontent
Content type term Text |
Content type code txt
337 ## - MEDIA TYPE
Source rdamedia
Media type term Unmediated |
Media type code n
338 ## - CARRIER TYPE
Source rdacarrier
Carrier type term Volume
Carrier type code nc
500 ## - GENERAL NOTE
General note Includes bibliographical references and index
650 #0 - SUBJECT ADDED ENTRY--TOPICAL TERM
9 (RLIN) 3837
Topical term or geographic name as entry element ELECTRONIC BOOK
650 #0 - SUBJECT ADDED ENTRY--TOPICAL TERM
9 (RLIN) 2017
Topical term or geographic name as entry element STATISTICS
942 ## - ADDED ENTRY ELEMENTS (KOHA)
Source of classification or shelving scheme
Koha item type MONOGRAPH
Holdings
Withdrawn status Lost status Source of classification or shelving scheme Damaged status Not for loan Collection code Permanent Location Current Location Shelving location Date acquired Source of acquisition Full call number Barcode Date last seen Price effective from Koha item type Total Checkouts
          CBU-Lusaka Campus CBU- LUSAKA CAMPUS CBU- LUSAKA CAMPUS General Stacks 10/29/2024 BOOK AID INTERNATIONAL QA 276.12 Mor 753033 10/29/2024 10/29/2024 MONOGRAPH  
          CBU-Lusaka Campus CBU- LUSAKA CAMPUS CBU-MAIN LIBRARY, KITWE. General Stacks 10/29/2024 BOOK AID INTERNATIONAL QA 276.12 Mor 753034 10/29/2024 10/29/2024 MONOGRAPH  
          Main Library Open Access Collection CBU-MAIN LIBRARY, KITWE. CBU-MAIN LIBRARY, KITWE. General Stacks 01/29/2025 BOOK AID INTERNATIONAL QA 276.12 Mor 753333 01/29/2025 01/29/2025 MONOGRAPH  
          Main Library Open Access Collection CBU-MAIN LIBRARY, KITWE. CBU-MAIN LIBRARY, KITWE. General Stacks 01/29/2025 BOOK AID INTERNATIONAL QA 276.12 Mor 753332 01/29/2025 01/29/2025 MONOGRAPH